[Event "World Blitz Women 2025"]
[Site "Doha QAT"]
[Date "2025.12.30"]
[Round "13.40"]
[White "Gaboyan, Susanna"]
[Black "Bivol, Alina"]
[Result "1/2-1/2"]
[WhiteTitle "WIM"]
[BlackTitle "IM"]
[WhiteElo "2182"]
[BlackElo "2360"]
[WhiteFideId "13303627"]
[BlackFideId "4100123"]
[EventDate "2025.12.29"]

1. Nf3 Nf6 2. g3 b6 3. Bg2 Bb7 4. O-O g6 5. d3 Bg7 6. e4 O-O 7. Nbd2 d6 8. Nc4
a5 9. a4 Nbd7 10. Bf4 h6 11. Qd2 Kh7 12. h3 e5 13. Be3 Nc5 14. Nh2 Ne6 15. f4
Nh5 16. f5 Nd4 17. g4 Nf4 18. Bxf4 exf4 19. Rae1 g5 20. c3 Nc6 21. d4 Re8 22.
Qc2 Qd7 23. e5 Ba6 24. f6+ Kg8 25. b3 Bf8 26. Qe4 Bb7 27. Qc2 dxe5 28. dxe5 Nd8
29. Bxb7 Nxb7 30. Nf3 Bc5+ 1/2-1/2

[Event "World Blitz Women 2025"]
[Site "Doha QAT"]
[Date "2025.12.30"]
[Round "13.41"]
[White "Dzagnidze, Nana"]
[Black "Khalilova, Madinabonu"]
[Result "1/2-1/2"]
[WhiteTitle "GM"]
[BlackTitle "WCM"]
[WhiteElo "2469"]
[BlackElo "2241"]
[WhiteFideId "13601903"]
[BlackFideId "14223422"]
[EventDate "2025.12.29"]

1. d4 Nf6 2. c4 g6 3. Nc3 d5 4. cxd5 Nxd5 5. Bd2 Bg7 6. e4 Nxc3 7. Bxc3 O-O 8.
Qd2 b6 9. Bc4 Bb7 10. f3 Nd7 11. Ne2 c5 12. O-O cxd4 13. Bxd4 Ne5 14. Bb3 Nc6
15. Rfd1 Nxd4 16. Nxd4 Rc8 17. Qf2 Qc7 18. Rd2 Rfd8 19. Rad1 a6 20. Qe3 Qc5 21.
Kf2 b5 22. Ne2 Qxe3+ 23. Kxe3 Rxd2 24. Rxd2 Bc6 25. g3 e6 26. Rc2 Bd7 27. Rxc8+
Bxc8 28. Nd4 Bd7 29. Bd1 Bf8 30. a3 Bc5 31. Kd3 a5 32. Kc3 b4+ 33. axb4 Bxb4+
34. Kc4 Kf8 35. Be2 Ke7 36. f4 f6 37. e5 fxe5 38. fxe5 Be1 39. Bf3 Bb4 40. Bc6
Bc8 41. Be4 Bd7 42. Bc6 Bc8 43. Kd3 Ba6+ 44. Bb5 Bb7 45. Bc6 Ba6+ 46. Ke4 Bf1
47. Bb5 Bg2+ 48. Kd3 g5 49. Bc6 Bf1+ 50. Kc2 Bc4 51. Be4 h5 52. b3 Bf1 53. Bg6
h4 54. Be4 hxg3 55. hxg3 Be1 56. Nf3 Bxg3 57. Nxg5 Bxe5 58. Nf3 Bf6 59. Nd2 Bb5
60. Nc4 a4 61. Bd3 Bxc4 62. Bxc4 a3 63. b4 Kd6 64. Kd3 Bb2 65. Kc2 e5 66. Bd3
Kd5 67. Kb3 e4 68. Bf1 e3 69. b5 Kc5 70. Be2 Kb6 71. Bf1 1/2-1/2

[Event "World Blitz Women 2025"]
[Site "Doha QAT"]
[Date "2025.12.30"]
[Round "13.42"]
[White "Vantika, Agrawal"]
[Black "Beydullayeva, Govhar"]
[Result "1-0"]
[WhiteTitle "IM"]
[BlackTitle "WGM"]
[WhiteElo "2369"]
[BlackElo "2364"]
[WhiteFideId "25050389"]
[BlackFideId "13413015"]
[EventDate "2025.12.29"]

1. d4 d5 2. c4 e6 3. Nf3 Nf6 4. g3 Bb4+ 5. Bd2 Be7 6. Bg2 c6 7. O-O Nbd7 8. Qc2
O-O 9. Rc1 a5 10. a3 b6 11. cxd5 cxd5 12. Nc3 Ba6 13. Bf4 Rc8 14. Qb3 Bc4 15.
Qd1 Nh5 16. Bd2 Nhf6 17. Bf4 Nh5 18. e3 Nxf4 19. exf4 Bd6 20. b3 Ba6 21. Bf1
Bxf1 22. Qxf1 Nf6 23. Nb5 Ne4 24. Qd3 Qe7 25. Ne5 f6 26. Nc6 Qd7 27. Nba7 Rc7
28. f3 f5 29. fxe4 fxe4 30. Qa6 g5 31. fxg5 Qg7 32. Rf1 Rxf1+ 33. Rxf1 Qxg5 34.
Qe2 Bf8 35. a4 Bg7 36. Qf2 e3 37. Qf3 Rd7 38. Re1 Rf7 39. Qxe3 Qf5 40. Kg2 Qc2+
41. Re2 Qb1 42. Re1 Qc2+ 43. Qe2 Qxb3 44. Nb5 Qxa4 45. Nd6 Rc7 46. Qxe6+ Kh8 47.
Qe8+ 1-0

[Event "World Blitz Women 2025"]
[Site "Doha QAT"]
[Date "2025.12.30"]
[Round "13.43"]
[White "Yakimova, Mariya"]
[Black "Zhu, Chen"]
[Result "1/2-1/2"]
[WhiteTitle "WFM"]
[BlackTitle "GM"]
[WhiteElo "2241"]
[BlackElo "2423"]
[WhiteFideId "34188859"]
[BlackFideId "8600546"]
[EventDate "2025.12.29"]

1. d4 d5 2. Nf3 c6 3. Bf4 Qb6 4. Qc1 Bf5 5. e3 e6 6. h3 Nd7 7. Nbd2 Ngf6 8. Nh4
Be7 9. Nxf5 exf5 10. Bd3 Ne4 11. Nf1 g6 12. c3 Ndf6 13. f3 Nd6 14. g4 fxg4 15.
hxg4 h5 16. Qc2 O-O-O 17. g5 Nd7 18. O-O-O Kb8 19. Kb1 Ka8 20. e4 Nc4 21. Bxc4
dxc4 22. Qa4 Qb5 23. Qxb5 cxb5 24. Ne3 Nb6 25. Be5 Rhe8 26. f4 Rd7 27. Kc2 b4
28. cxb4 Bxb4 29. a3 Bf8 30. f5 a5 31. Rdf1 Be7 32. Rhg1 Bd8 33. Kc3 Ka7 34.
Nxc4 Nxc4 35. Kxc4 Ka6 36. a4 Be7 37. Rf3 Rc8+ 38. Kb3 Rc6 39. fxg6 fxg6 40. Rf7
Re6 41. Rgf1 Rd8 42. Rg7 Bb4 43. Rff7 Rb6 44. Ka2 Bd6 45. Bxd6 Rdxd6 46. d5 Rb4
47. Re7 Rdb6 48. Kb1 Rxb2+ 49. Kc1 R6b3 50. Rgf7 Rb1+ 51. Kc2 R1b2+ 52. Kc1 Rb1+
53. Kc2 1/2-1/2

[Event "World Blitz Women 2025"]
[Site "Doha QAT"]
[Date "2025.12.30"]
[Round "13.44"]
[White "Kirtadze, Anastasia"]
[Black "Mamedjarova, Turkan"]
[Result "1-0"]
[WhiteTitle "WIM"]
[BlackTitle "WGM"]
[WhiteElo "2281"]
[BlackElo "2216"]
[WhiteFideId "13622714"]
[BlackFideId "13402005"]
[EventDate "2025.12.29"]

1. e4 e5 2. Nf3 Nc6 3. Bb5 a6 4. Ba4 Nf6 5. O-O b5 6. Bb3 Be7 7. Re1 d6 8. c3
O-O 9. h3 Nb8 10. d4 Nbd7 11. Nbd2 Bb7 12. Bc2 Re8 13. Nf1 g6 14. Ng3 Bf8 15. b3
Bg7 16. Bb2 c5 17. d5 c4 18. bxc4 bxc4 19. Nd2 Rc8 20. Rb1 Nc5 21. Ba3 Ba8 22.
Bb4 a5 23. Bxc5 Rxc5 24. Ba4 Rf8 25. Qe2 h5 26. Ngf1 Qc8 27. Rb6 Qc7 28. Reb1 h4
29. Ne3 Nh5 30. Ndxc4 Nf4 31. Qf1 f5 32. Nxd6 fxe4 33. Nxe4 Nxd5 34. Nxd5 Bxd5
35. Nxc5 Qxc5 36. R6b5 Qc4 37. Rxd5 Qxa4 38. Rbb5 Qxa2 39. Rxa5 Qc2 40. Rd7 e4
41. Raa7 Be5 42. Qc4+ 1-0

[Event "World Blitz Women 2025"]
[Site "Doha QAT"]
[Date "2025.12.30"]
[Round "13.45"]
[White "Girya, Olga"]
[Black "Lyutsinger, Iren"]
[Result "1-0"]
[WhiteTitle "GM"]
[BlackTitle "FM"]
[WhiteElo "2398"]
[BlackElo "2169"]
[WhiteFideId "4195752"]
[BlackFideId "34425969"]
[EventDate "2025.12.29"]

1. d4 Nf6 2. c4 g6 3. Nc3 Bg7 4. e4 d6 5. Nf3 O-O 6. Be2 Na6 7. Be3 e5 8. O-O
Qe7 9. dxe5 dxe5 10. Nd5 Qd8 11. Qc2 Ng4 12. Bg5 f6 13. Bh4 c6 14. Nc3 Qc7 15.
Na4 Be6 16. c5 b5 17. cxb6 axb6 18. Bc4 Bxc4 19. Qxc4+ Kh8 20. Nc3 f5 21. Ng5
Nc5 22. b4 Nxe4 23. Ncxe4 fxe4 24. Nxe4 Nh6 25. Rac1 Nf5 26. Bg3 Rac8 27. Rfd1
Rfd8 28. Ng5 Rxd1+ 29. Rxd1 h6 30. Ne4 Qe7 31. a4 Nd4 32. h3 Rd8 33. Re1 Qa7 34.
Qa2 c5 35. bxc5 bxc5 36. Qc4 Rc8 37. Nd6 Rf8 38. Bxe5 Bxe5 39. Rxe5 Qb8 40. Qxc5
Qb1+ 41. Kh2 Rxf2 42. Re8+ Kg7 43. Qe5+ Rf6 44. Qe7+ Rf7 45. Qxf7# 1-0

[Event "World Blitz Women 2025"]
[Site "Doha QAT"]
[Date "2025.12.30"]
[Round "13.46"]
[White "Mkrtchyan, Mariam"]
[Black "Wafa, Shahenda"]
[Result "1-0"]
[WhiteTitle "WIM"]
[BlackTitle "WGM"]
[WhiteElo "2353"]
[BlackElo "2074"]
[WhiteFideId "13310828"]
[BlackFideId "10609962"]
[EventDate "2025.12.29"]

1. d4 Nf6 2. c4 b6 3. Nf3 Bb7 4. g3 g6 5. Bg2 Bg7 6. O-O O-O 7. b3 d6 8. Bb2
Nbd7 9. d5 e5 10. dxe6 fxe6 11. Nc3 Qe7 12. Nb5 Nc5 13. Qc2 a6 14. Nc3 e5 15.
Rad1 Ne6 16. Nd5 Qf7 17. Nxe5 dxe5 18. Nxf6+ Bxf6 19. Bxb7 Rad8 20. Bd5 Kg7 21.
Qe4 Nc5 22. Qxe5 Bxe5 23. Bxe5+ Qf6 24. Bxf6+ Rxf6 25. f4 Re8 26. Bf3 Rf7 27.
Rd4 Ne6 28. Rd2 Nc5 29. Rfd1 Ne4 30. Rd7 Nc3 31. Rxf7+ Kxf7 32. Rd2 Kf6 33. Rc2
Nd1 34. e4 Ne3 35. Rd2 h5 36. h3 h4 37. Kf2 Nxc4 38. bxc4 hxg3+ 39. Kxg3 b5 40.
cxb5 axb5 41. e5+ Ke6 42. Bc6 Rb8 43. a3 b4 44. a4 Rb6 45. Bd5+ Ke7 46. a5 Ra6
47. Ra2 c5 48. Bc4 Ra7 49. a6 Kd7 50. Rd2+ Kc7 51. Rd6 g5 52. fxg5 Ra8 53. Rd3
Kb6 54. e6 Rg8 55. h4 Ka7 56. e7 Re8 57. Re3 b3 58. Rxb3 Rxe7 59. Rb7+ Rxb7 60.
axb7 1-0

[Event "World Blitz Women 2025"]
[Site "Doha QAT"]
[Date "2025.12.30"]
[Round "13.47"]
[White "Ismayil, Malak"]
[Black "Nandhidhaa, P V"]
[Result "1-0"]
[WhiteTitle "WIM"]
[BlackTitle "WGM"]
[WhiteElo "2138"]
[BlackElo "2257"]
[WhiteFideId "13412604"]
[BlackFideId "5050847"]
[EventDate "2025.12.29"]

1. e4 d6 2. d4 Nf6 3. Nc3 e5 4. Nf3 Nbd7 5. Be2 Be7 6. O-O O-O 7. a4 c6 8. a5 h6
9. h3 Re8 10. Re1 Bf8 11. Bf1 g6 12. g3 Bg7 13. Bg2 Qc7 14. Be3 exd4 15. Bxd4
Ne5 16. Nxe5 dxe5 17. Be3 Be6 18. Qe2 b5 19. axb6 axb6 20. Ra6 b5 21. Rea1 Rxa6
22. Rxa6 Nd7 23. Qd2 b4 24. Na4 c5 25. b3 Rd8 26. Qd6 Qxd6 27. Rxd6 Rc8 28. Bf1
Bf8 29. Rd1 h5 30. Kg2 Be7 31. Bb5 Rc7 32. h4 Nf6 33. f3 Kg7 34. Be2 c4 35. Bxc4
Bxc4 36. bxc4 Rxc4 37. Rd2 Rc6 38. Nb6 Ne8 39. Nd5 Bf8 40. f4 Nd6 41. Kf3 Nc4
42. Rd3 Nxe3 43. Nxe3 exf4 44. gxf4 Ra6 45. e5 Ra1 46. Nd5 Rh1 47. Rd4 Rxh4 48.
Nxb4 Rh3+ 49. Ke4 Rc3 50. Nd5 Rxc2 51. Ne3 Rc7 52. f5 Bc5 53. Rc4 Bb6 54. f6+
Kh6 55. Rxc7 Bxc7 56. Nd5 Bd8 57. Nb4 g5 58. Kf5 g4 59. Nc6 Bc7 60. e6 fxe6+ 61.
Kxe6 Bb6 62. f7 Bc5 63. Ne7 Bxe7 64. Kxe7 g3 65. f8=Q+ Kg5 66. Qg7+ Kf4 67. Qh6+
Kg4 68. Qg6+ Kh4 69. Kf6 g2 70. Qg5+ Kh3 71. Qxh5+ Kg3 72. Qg5+ Kf2 73. Qf4+ Ke2
74. Qg3 Kf1 75. Qf3+ Kg1 76. Kg5 Kh2 77. Qh5+ Kg1 78. Kf4 Kf1 79. Qf3+ Kg1 80.
Kg3 1-0

[Event "World Blitz Women 2025"]
[Site "Doha QAT"]
[Date "2025.12.30"]
[Round "13.48"]
[White "Atalik, Ekaterina"]
[Black "Machlik, Monika"]
[Result "1-0"]
[WhiteTitle "IM"]
[WhiteElo "2349"]
[BlackElo "2084"]
[WhiteFideId "4130189"]
[BlackFideId "1513621"]
[EventDate "2025.12.29"]

1. c4 e5 2. d3 Nf6 3. Nf3 Nc6 4. Nc3 d5 5. cxd5 Nxd5 6. e4 Nf6 7. Be2 Be7 8. h3
O-O 9. O-O h6 10. Be3 Be6 11. Rc1 Qd7 12. a3 a5 13. Qc2 Rfd8 14. Na4 Rac8 15.
Nc5 Bxc5 16. Qxc5 Qd6 17. Qxd6 cxd6 18. Bb6 Re8 19. Rfe1 d5 20. Bd1 dxe4 21.
dxe4 Nd7 22. Be3 f6 23. Ba4 Ndb8 24. Bb5 Rcd8 25. Nd2 Re7 26. Nc4 Red7 27. Bb6
Rc8 28. Nxa5 Rd2 29. b4 Ra2 30. Nxb7 Rxa3 31. Nd6 Rf8 32. Bxc6 Ra6 1-0

[Event "World Blitz Women 2025"]
[Site "Doha QAT"]
[Date "2025.12.30"]
[Round "13.49"]
[White "Miranda Rodriguez, Tania"]
[Black "Khotenashvili, Bella"]
[Result "0-1"]
[WhiteTitle "WIM"]
[BlackTitle "GM"]
[WhiteElo "2051"]
[BlackElo "2426"]
[WhiteFideId "3510417"]
[BlackFideId "13602640"]
[EventDate "2025.12.29"]

1. e4 g6 2. d4 Bg7 3. Nc3 c6 4. Nf3 d5 5. h3 Nh6 6. Bf4 dxe4 7. Nxe4 Qa5+ 8. Bd2
Qc7 9. Bc4 O-O 10. Qe2 a5 11. g3 b5 12. Bd3 Be6 13. Bf4 Qd8 14. c3 Bd5 15. O-O
Nd7 16. Rfe1 e6 17. b3 Nf5 18. Rad1 Nf6 19. Nc5 Bxf3 20. Qxf3 Nd5 21. Bd2 b4 22.
c4 Nde7 23. Bxf5 Nxf5 24. Be3 Qc8 25. Kh2 Rd8 26. h4 Nxd4 27. Qe4 e5 28. Bg5 f6
29. Bc1 f5 30. Qg2 e4 31. Bg5 Nf3+ 32. Kh1 Nxe1 33. Rxe1 Re8 34. Rd1 Qc7 35. Bf4
Qe7 36. Be3 Red8 37. Kh2 Bd4 38. Re1 0-1

[Event "World Blitz Women 2025"]
[Site "Doha QAT"]
[Date "2025.12.30"]
[Round "13.50"]
[White "Rodriguez Redondo, Adhara"]
[Black "Chen, Yining"]
[Result "0-1"]
[WhiteTitle "WFM"]
[BlackTitle "FM"]
[WhiteElo "2207"]
[BlackElo "2278"]
[WhiteFideId "32065698"]
[BlackFideId "8620946"]
[EventDate "2025.12.29"]

1. e4 e6 2. d4 d5 3. exd5 exd5 4. Nf3 Nc6 5. Nc3 Nf6 6. Bg5 Be6 7. Bb5 a6 8.
Bxc6+ bxc6 9. O-O h6 10. Bh4 Bd6 11. Re1 O-O 12. Na4 g5 13. Bg3 Ne4 14. Ne5 Bd7
15. Qh5 Kg7 16. Nd3 f6 17. Nac5 Bxc5 18. Nxc5 Nxc5 19. dxc5 Bf5 20. c3 Qd7 21.
Qe2 a5 22. Qe7+ Rf7 23. Qxd7 Rxd7 24. Re2 Kf7 25. Rae1 a4 26. Rd2 Ra5 27. Rd4
Rb5 28. Re2 Ra5 29. Rb4 Bd3 30. Rd2 Bb5 31. h4 Ke6 32. f3 a3 33. b3 Ba6 34. Ra4
Rxa4 35. bxa4 Bc4 36. a5 f5 37. hxg5 hxg5 38. Bf2 Rd8 39. Rc2 Ra8 40. Be3 f4 41.
Bc1 Rxa5 42. Kf2 Kf5 43. g4+ fxg3+ 44. Kxg3 Bd3 45. Rd2 Bb1 46. Re2 Rxc5 47.
Bxa3 Rxc3 48. Bb4 Rc4 49. Be7 d4 50. Bd8 d3 51. Rd2 Rd4 52. Bxc7 c5 53. Bb6 Rd5
54. Ba5 c4 55. Bc3 Rd7 56. a4 Bc2 57. a5 Rb7 58. Kf2 Rb3 59. Bd4 c3 60. Rxc2
dxc2 61. Be3 Ra3 62. Bc1 Ra1 63. a6 Rxc1 0-1

[Event "World Blitz Women 2025"]
[Site "Doha QAT"]
[Date "2025.12.30"]
[Round "13.51"]
[White "Mgeladze, Kesaria"]
[Black "Rudzinska, Michalina"]
[Result "0-1"]
[WhiteTitle "WIM"]
[BlackTitle "WGM"]
[WhiteElo "2195"]
[BlackElo "2206"]
[WhiteFideId "13621130"]
[BlackFideId "1172883"]
[EventDate "2025.12.29"]

1. e4 c5 2. Nf3 d6 3. d4 cxd4 4. Nxd4 Nf6 5. Nc3 a6 6. f3 e5 7. Nb3 Be6 8. Be3
Nbd7 9. g4 h6 10. Qd2 b5 11. h4 Nb6 12. Qf2 Nc4 13. Bxc4 bxc4 14. Nd2 Rb8 15.
O-O-O Qa5 16. Rdg1 d5 17. exd5 Ba3 18. Nxc4 Qxc3 19. Nxa3 Qxb2+ 20. Kd1 Nxd5 21.
Nc4 Qc3 22. Qe2 Rb1+ 23. Bc1 Qd4+ 24. Qd3 Qxc4 25. Qxc4 Ne3+ 26. Ke2 Nxc4 27.
Rd1 O-O 28. Rhg1 Rc8 29. f4 exf4 30. Bxf4 Rxd1 31. Kxd1 Na3 32. Rg2 Bxa2 33. Bd6
Rd8 34. Rd2 Nc4 0-1

[Event "World Blitz Women 2025"]
[Site "Doha QAT"]
[Date "2025.12.30"]
[Round "13.52"]
[White "Dimitrijevic, Aleksandra"]
[Black "Jarocka, Liwia"]
[Result "0-1"]
[WhiteTitle "WGM"]
[BlackTitle "FM"]
[WhiteElo "2063"]
[BlackElo "2258"]
[WhiteFideId "929239"]
[BlackFideId "21807558"]
[EventDate "2025.12.29"]

1. d4 d5 2. c4 e6 3. Nf3 Nf6 4. g3 Be7 5. Bg2 O-O 6. O-O a5 7. Nc3 c6 8. Qc2
dxc4 9. a4 b6 10. Rd1 Ba6 11. Ne5 Nd5 12. Be4 f5 13. Bg2 Bf6 14. b3 Nxc3 15.
Qxc3 Bxe5 16. bxc4 Bf6 17. Ba3 Re8 18. Rab1 Ra7 19. Qb3 Rd7 20. e3 Kh8 21. Bf3
e5 22. dxe5 Bxe5 23. Bh5 g6 24. Bf3 Qc7 25. c5 bxc5 26. Bxc5 Rxd1+ 27. Rxd1 Nd7
28. Bd4 Bxd4 29. Rxd4 Ne5 30. Bg2 c5 31. Rd5 Bc4 0-1

[Event "World Blitz Women 2025"]
[Site "Doha QAT"]
[Date "2025.12.30"]
[Round "13.53"]
[White "Fataliyeva, Ulviyya"]
[Black "Serikbay, Assel"]
[Result "1-0"]
[WhiteTitle "IM"]
[BlackTitle "WIM"]
[WhiteElo "2434"]
[BlackElo "2221"]
[WhiteFideId "13403052"]
[BlackFideId "13706799"]
[EventDate "2025.12.29"]

1. Nf3 c5 2. e4 e6 3. Nc3 a6 4. g3 b5 5. Bg2 Bb7 6. d3 d6 7. O-O Nf6 8. a4 b4 9.
Ne2 Be7 10. Nh4 Qc7 11. f4 O-O 12. f5 e5 13. Kh1 d5 14. exd5 Nxd5 15. Ng1 Nd7
16. Qe2 Rae8 17. Be4 c4 18. dxc4 N5f6 19. Bxb7 Qxb7+ 20. Qg2 Qc7 21. b3 Nc5 22.
Ne2 Nfe4 23. Be3 Bf6 24. Nf3 Nd6 25. Nd2 h5 26. Rad1 Qc8 27. Bxc5 Qxc5 28. Ne4
Nxe4 29. Qxe4 Rd8 30. Qf3 h4 31. g4 Bg5 32. h3 a5 33. Kg2 Qe3 34. Qxe3 Bxe3 35.
Kf3 Bc5 36. Ke4 f6 37. Rd5 Rxd5 38. Kxd5 Rc8 39. c3 Kf7 40. cxb4 Bxb4 41. Rc1
Rd8+ 42. Ke4 Rd2 43. Ke3 Rb2 44. c5 Rxb3+ 45. Ke4 Ke7 46. c6 Kd8 47. c7+ Kc8 48.
Kd5 Rd3+ 49. Ke6 Rd6+ 50. Kf7 Rd7+ 51. Kg6 Rxc7 52. Rxc7+ Kxc7 53. Kxg7 Be7 54.
g5 fxg5 55. f6 Bxf6+ 56. Kxf6 g4 57. hxg4 h3 58. Kxe5 1-0

[Event "World Blitz Women 2025"]
[Site "Doha QAT"]
[Date "2025.12.30"]
[Round "13.54"]
[White "Kairbekova, Amina"]
[Black "Olde, Margareth"]
[Result "0-1"]
[WhiteTitle "WGM"]
[BlackTitle "WIM"]
[WhiteElo "2353"]
[BlackElo "2214"]
[WhiteFideId "13712799"]
[BlackFideId "4503082"]
[EventDate "2025.12.29"]

1. e4 d6 2. d4 Nf6 3. Nc3 e5 4. Nf3 Nbd7 5. Rg1 g6 6. g4 exd4 7. Nxd4 Bg7 8. Be3
d5 9. exd5 Ne5 10. Bb5+ c6 11. dxc6 O-O 12. g5 Nfg4 13. Qe2 Nxe3 14. fxe3 bxc6
15. Ba4 Qb6 16. Bb3 Ba6 17. Qf2 c5 18. Nde2 c4 19. Ba4 Qxb2 20. Rb1 Qa3 21. Kf1
Rab8 22. Kg2 Bb7+ 23. e4 Ng4 24. Qg3 h5 25. gxh6 Nxh6 26. Bd7 Qe7 27. Bc6 Be5
28. Qh3 Bxc6 29. Qxh6 Bxc3 30. Nxc3 Bxe4+ 31. Nxe4 Qxe4+ 32. Kf2 Qxc2+ 33. Kg3
Rxb1 34. Rg2 Qd3+ 35. Kh4 Qe4+ 36. Rg4 Qe7+ 37. Kh3 Rd8 38. Rxg6+ fxg6 0-1

[Event "World Blitz Women 2025"]
[Site "Doha QAT"]
[Date "2025.12.30"]
[Round "13.55"]
[White "Gu, Xiaobing"]
[Black "Parnali, S Dharia"]
[Result "1-0"]
[WhiteTitle "WGM"]
[BlackTitle "WIM"]
[WhiteElo "2106"]
[BlackElo "2150"]
[WhiteFideId "8602611"]
[BlackFideId "5043131"]
[EventDate "2025.12.29"]

1. d4 d5 2. Nc3 Nf6 3. Bf4 a6 4. e3 c5 5. dxc5 Nc6 6. a3 e5 7. Bg5 Be6 8. b4 Be7
9. Nf3 d4 10. exd4 exd4 11. Na4 O-O 12. Be2 Ne4 13. Bf4 a5 14. Nb6 Ra7 15. b5
Bxc5 16. Na4 Ne7 17. Nxc5 Nxc5 18. Qxd4 Qb6 19. O-O Rd8 20. Qc3 Nd5 21. Qd2 Ne4
22. Qc1 Nec3 23. Bd1 Nxf4 24. Qxf4 Rxd1 25. Qe5 Rxf1+ 26. Rxf1 Nxb5 27. Qb8+ 1-0

[Event "World Blitz Women 2025"]
[Site "Doha QAT"]
[Date "2025.12.30"]
[Round "13.56"]
[White "Mikheeva, Galina"]
[Black "Jimenez Fernandez, Rebeca"]
[Result "1-0"]
[WhiteTitle "FM"]
[BlackTitle "WFM"]
[WhiteElo "2122"]
[BlackElo "2137"]
[WhiteFideId "44108320"]
[BlackFideId "32070934"]
[EventDate "2025.12.29"]

1. e4 c5 2. Nc3 Nc6 3. Bb5 Nd4 4. Nf3 a6 5. Bd3 g6 6. O-O Bg7 7. Re1 e6 8. Rb1
Ne7 9. b4 cxb4 10. Rxb4 Ndc6 11. Rb1 O-O 12. Bb2 d5 13. exd5 Nxd5 14. Ne4 b5 15.
Bxg7 Kxg7 16. c3 Nf6 17. Bc2 Nxe4 18. Bxe4 Bb7 19. a4 Qa5 20. axb5 axb5 21. Qb3
Qc7 22. Qxb5 Rab8 23. Qc5 Rfc8 24. Rb2 Ba8 25. Rxb8 Qxb8 26. Rb1 Qf4 27. Qe3 Qf6
28. h3 Ne7 29. Bxa8 Rxa8 30. Qe5 Qxe5 31. Nxe5 Nd5 32. Rb7 Rf8 33. c4 Nf4 34. c5
Nd5 35. c6 Kg8 36. Ng4 Kg7 37. Ne5 Kg8 38. Kf1 Rc8 39. Nxf7 Rxc6 40. Nh6+ Kf8
41. Rxh7 Rc1+ 42. Ke2 Nf4+ 43. Kf3 Nd5 44. Rf7+ Ke8 45. Rg7 Rd1 46. Rxg6 Kd7 47.
Ke2 Rg1 48. Rg7+ 1-0

[Event "World Blitz Women 2025"]
[Site "Doha QAT"]
[Date "2025.12.30"]
[Round "13.57"]
[White "Aydin, Gulenay"]
[Black "Li, Xueyi"]
[Result "1-0"]
[WhiteTitle "WIM"]
[BlackTitle "WGM"]
[WhiteElo "2259"]
[BlackElo "2202"]
[WhiteFideId "34557431"]
[BlackFideId "8605912"]
[EventDate "2025.12.29"]

1. e4 c5 2. c3 d5 3. exd5 Qxd5 4. d4 g6 5. Nf3 Bg7 6. Nbd2 Nf6 7. Bc4 Qd6 8.
dxc5 Qxc5 9. O-O O-O 10. Qe2 a6 11. a4 Qc7 12. a5 Nc6 13. Nb3 Bg4 14. Bd3 Rad8
15. Bc2 Nd5 16. h3 Bc8 17. Re1 Nf4 18. Qe3 Ne6 19. Ng5 Nxg5 20. Qxg5 Be6 21. Nc5
Bd5 22. Bf4 e5 23. Bg3 f6 24. Qe3 Nxa5 25. b4 Nc4 26. Qe2 Bf7 27. Bb3 Rd2 28.
Qe4 Nd6 29. Bxf7+ Qxf7 30. Qe3 Nc4 31. Qf3 b5 32. Rxa6 Rfd8 33. Rea1 f5 34. Ra7
Qf6 35. Qb7 e4 36. Bh4 Rd1+ 37. Rxd1 Rxd1+ 38. Kh2 Qxc3 39. Qf7+ 1-0

[Event "World Blitz Women 2025"]
[Site "Doha QAT"]
[Date "2025.12.30"]
[Round "13.58"]
[White "Lesbekova, Assel"]
[Black "Zhurova, Anna"]
[Result "0-1"]
[WhiteTitle "WCM"]
[BlackTitle "WFM"]
[WhiteElo "1948"]
[BlackElo "2299"]
[WhiteFideId "13713248"]
[BlackFideId "54113075"]
[EventDate "2025.12.29"]

1. e4 c5 2. c4 Nc6 3. Nc3 g6 4. g3 Bg7 5. Bg2 d6 6. d3 e5 7. Nge2 Nge7 8. O-O
O-O 9. a3 Be6 10. Rb1 Qd7 11. b4 b6 12. Be3 Bh3 13. Nd5 Bxg2 14. Kxg2 f5 15. f4
exf4 16. Nexf4 Rae8 17. Bg1 Ne5 18. d4 cxd4 19. Nxe7+ Rxe7 20. Qxd4 fxe4 21.
Qxe4 Ref7 22. Rbd1 Bh6 23. Qd5 Kh8 24. Bd4 Bg7 25. Bc3 Qg4 26. Bxe5 dxe5 27. Ne6
Qe2+ 28. Kg1 Rxf1+ 0-1

[Event "World Blitz Women 2025"]
[Site "Doha QAT"]
[Date "2025.12.30"]
[Round "13.59"]
[White "Krasteva, Beloslava"]
[Black "Karimova, Guldona"]
[Result "1-0"]
[WhiteTitle "FM"]
[BlackTitle "WIM"]
[WhiteElo "2339"]
[BlackElo "2288"]
[WhiteFideId "2922029"]
[BlackFideId "14210410"]
[EventDate "2025.12.29"]

1. d4 Nf6 2. c4 e6 3. Nc3 Bb4 4. e3 O-O 5. Bd2 b6 6. Nf3 Bb7 7. Bd3 Bxc3 8. Bxc3
Ne4 9. Bxe4 Bxe4 10. d5 c5 11. Nd2 Bg6 12. h4 h6 13. Qg4 h5 14. Qg3 d6 15. dxe6
Kh7 16. exf7 Rxf7 17. Nf3 Re7 18. O-O-O Qf8 19. Rxd6 Qe8 20. Rhd1 Nd7 21. Ng5+
Kh8 22. Ne6 Rxe6 23. Rxd7 Re7 24. Rxe7 Qxe7 25. Qxg6 Rf8 26. Qxh5+ Kg8 27. Qd5+
Kh8 28. Qe5 Qf7 29. Rd6 Re8 30. Qd5 Qxd5 31. Rxd5 Re4 32. h5 Rxc4 33. h6 b5 34.
hxg7+ Kh7 35. Rd8 1-0

[Event "World Blitz Women 2025"]
[Site "Doha QAT"]
[Date "2025.12.30"]
[Round "13.60"]
[White "Zherebtsova, Alexandra"]
[Black "Khalil, Manar"]
[Result "1-0"]
[WhiteTitle "FM"]
[BlackTitle "WFM"]
[WhiteElo "2307"]
[BlackElo "1925"]
[WhiteFideId "24129518"]
[BlackFideId "7604661"]
[EventDate "2025.12.29"]

1. d4 d5 2. Bf4 Nf6 3. e3 e6 4. Nf3 c5 5. Nbd2 Nc6 6. c3 Bd6 7. Ne5 Bxe5 8. dxe5
Nd7 9. Nf3 Qc7 10. Bb5 a6 11. Bxc6 Qxc6 12. O-O b5 13. a4 Bb7 14. b4 O-O 15. Qd2
bxa4 16. Rfb1 Nb6 17. Qd1 Nc4 18. Rxa4 Rfd8 19. bxc5 Rab8 20. Rab4 a5 21. R4b3
a4 22. Rb4 a3 23. Nd4 Qc7 24. c6 Ba6 25. Qa4 Rxb4 26. Rxb4 Bc8 27. Rxc4 dxc4 28.
Qxa3 h6 29. Qc5 Ba6 30. h3 Rd5 31. Qa3 Qb6 32. c7 Bc8 33. Qa8 Qxc7 34. Kh2 Rd8
35. Qa4 Bb7 36. Nb5 Qc6 37. f3 g5 38. Bg3 Ra8 39. Qb4 Rd8 40. Nd6 Ba8 41. Nxc4
Rc8 42. Nd6 Qxc3 43. Qg4 Qxe3 44. Qh5 Rf8 45. Qxh6 Qxe5 46. Bxe5 1-0

[Event "World Blitz Women 2025"]
[Site "Doha QAT"]
[Date "2025.12.30"]
[Round "13.61"]
[White "Nordahl, Christine"]
[Black "Dwilewicz, Katarzyna"]
[Result "0-1"]
[BlackTitle "WFM"]
[WhiteElo "1835"]
[BlackElo "2185"]
[WhiteFideId "1557939"]
[BlackFideId "1148486"]
[EventDate "2025.12.29"]

1. d4 Nf6 2. c4 e6 3. Nc3 Bb4 4. Qc2 c5 5. dxc5 Na6 6. a3 Bxc3+ 7. Qxc3 Nxc5 8.
Bf4 O-O 9. Qc2 d5 10. cxd5 Qxd5 11. Rd1 Qe4 12. Qxe4 Nfxe4 13. f3 Nf6 14. Bd6 b6
15. Bxf8 Kxf8 16. e4 Bb7 17. Bc4 Ke7 18. Ne2 Rc8 19. b3 a6 20. O-O b5 21. Bd3
Nxb3 22. e5 Nd5 23. Be4 Rc4 24. Rfe1 Ra4 25. Bc2 Rxa3 26. Rd3 Nb4 27. Rxb3 Nxc2
28. Rxa3 Nxa3 29. Rc1 Nc4 30. f4 f6 31. exf6+ gxf6 32. Rc3 Kd6 33. Nd4 Be4 34.
Rc1 Kd5 35. Nb3 a5 36. Rd1+ Kc6 37. Nd4+ Kb6 38. Nxe6 a4 39. Nd4 b4 40. Re1 f5
41. Ne2 a3 42. Ng3 b3 43. Nxe4 fxe4 44. Rxe4 b2 45. Rxc4 b1=Q+ 46. Kf2 Qa2+ 0-1